Normal view MARC view

Entry Personal Name

Number of records used in: 1

001 - CONTROL NUMBER

  • control field: 624067

003 - CONTROL NUMBER IDENTIFIER

  • control field: OSt

005 - DATE AND TIME OF LATEST TRANSACTION

  • control field: 20221005110137.0

008 - FIXED-LENGTH DATA ELEMENTS

  • fixed length control field: 221005|| aca||aabn | a|a d

040 ## - CATALOGING SOURCE

  • Original cataloging agency: OSt
  • Transcribing agency: OSt

100 ## - HEADING--PERSONAL NAME

  • Personal name: साह, सुरेन्द्र प्रसाद, अनु

670 ## - SOURCE DATA FOUND

  • Source citation: Work cat.: (OSt)1017935: पथिक, मगन, मित्रसेन, सुरेन्द्र प्रसाद साह अनु0, 1992
Copyright @ Delhi University Library System